| 000 | 01255nac a22002891u 4500 | ||
|---|---|---|---|
| 010 | _a 99172637 | ||
| 020 | _a0203279085 (electronic bk.) | ||
| 020 | _a0415149924 (hbk.) | ||
| 020 | _a0415149932 (pbk.) | ||
| 035 | _a(OCoLC)40294935 | ||
| 082 |
_a333.338722 _bB2101 |
||
| 090 |
_c2137 _d2137 |
||
| 100 | _aBall, Michael. | ||
| 245 | 1 | 4 |
_aThe economics of commercial property markets / _cMichael Ball, Colin Lizieri, and Bryan D. MacGregor. |
| 260 |
_aLondon ; _aNew York : _bRoutledge,1998 _c1998. |
||
| 300 |
_axiv, 402 p. : _bill. ; _c24 cm. |
||
| 504 | _aIncludes bibliographical references (p. 367-384) and indexes. | ||
| 650 | 0 | _aCommercial real estate. | |
| 650 | 0 |
_aCommercial real estate _zGreat Britain. |
|
| 700 | 1 | _aLizieri, Colin. | |
| 700 | 1 | _aMacGregor, Bryan D. | |
| 856 | 4 | 1 | _uhttp://www.netLibrary.com/urlapi.asp?action=summary&v=1&bookid=70313 |
| 856 | 4 | 1 |
_3Table of Contents only _uhttp://lcweb.loc.gov/catdir/toc/99172637.html |
| 856 | 4 | 1 |
_3Publisher description _uhttp://www.loc.gov/catdir/enhancements/fy0649/99172637-d.html |
| 942 |
_cBB _k333.338722B2101 |
||
| 999 |
_c2137 _d2137 |
||